Oral tradition as history

Αποθηκεύτηκε σε:
Λεπτομέρειες βιβλιογραφικής εγγραφής
Κύριος συγγραφέας: Vansina, Jan
Μορφή: Βιβλίο
Γλώσσα:English
Δημοσίευση: London; Nairobi : James Currey; Heinemann Kenya, c1985
Θέματα:
Ετικέτες: Προσθήκη ετικέτας
Δεν υπάρχουν, Καταχωρήστε ετικέτα πρώτοι!

MARC

LEADER 00000nam a2200000 i 4500
001 1/64331
008 930929s1985 eng d
020 |a 0-85255-007-3 
035 |a ΛΕΣΒΟΣb10001367  |l 10001367 
040 |a GR-MY-UA  |b gre  |e aacr 
041 0 |a eng 
082 0 |a 907 
100 1 |a Vansina, Jan. 
245 1 0 |a Oral tradition as history /  |c Jan Vansina 
260 |a London; Nairobi :   |b James Currey; Heinemann Kenya,   |c c1985 
300 |a 258 p. 
504 |a Includes bibliographical references and index 
650 0 0 |a Oral history. 
852 |a INST  |b LESVOS  |e 19930929  |h 907 VAN  |p 005100005060  |q 005100005060  |t BK  |y 0 
909 |a Λ  |b 009488